Foundations of logic and mathematics
Saved in:
| Main Author: | |
|---|---|
| Format: | Book |
| Language: | English |
| Published: |
London : Canada :
The University of Chicago Press, The University of Toronto Press,
1963, 1939
|
| Series: | International encyclopedia of unified science ;
3 |
| Subjects: | |
| Tags: |
Add Tag
No Tags, Be the first to tag this record!
|
MARC
| LEADER | 00000cam a2200000 a 4500 | ||
|---|---|---|---|
| 001 | 1/108027 | ||
| 008 | 150820r19631939enk| ||| |||| ||eng|| | ||
| 040 | |a GR-MyUa |b gre |c GR-MyUa |e AACR2 | ||
| 041 | 0 | |a eng | |
| 082 | 7 | |a 511.3 |2 (23) | |
| 100 | 1 | |a Carnap, Rudolf, |d 1891-1970. | |
| 245 | 1 | 0 | |a Foundations of logic and mathematics / |c by Rudolf Carnap. |
| 260 | |a London : |b The University of Chicago Press, |a Canada : |b The University of Toronto Press, |c 1963, 1939 | ||
| 300 | |a iv, 71 σ. ; |c 25 εκ. | ||
| 490 | 1 | |a (International encyclopedia of unified science) |v ; 3 | |
| 650 | 0 | |a Logic, Symbolic and mathematical. | |
| 650 | 0 | |a Mathematics |x Philosophy. | |
| 830 | 0 | |a International encyclopedia of unified science ; |v 3 | |
| 852 | |a INST |b SAMOS |c MAG |e 20150820 |h 511.3 CAR |p 005300035307 |q 005300035307 |t BK |y 0 | ||
| 970 | |a Σιτζίμη |b Γιασεμή |z 20/08/2015 | ||